00748nam a2200169Ia 4500999001700000082001200017100001900029245014800048260006000196300000800256504002600264650005700290650004500347650002200392942001200414952015200426 c22377d22377 aRN.0096 aNagar, Apoorva 0aTribal development through modified area development approachb:`a research into its administration and impact in four districts of Rajasthan  c0bIndian Council of Social Science Research, New Delhi a141 aincludes bibliography aModified Areas Development Approach(MADA)zRajasthan aTribal development programmeszRajasthan aTribeszRajasthan cRP2ddc 001040718MIRPaNASSDOCbNASSDOCd2008-10-13eGifted by : R P Division, ICSSRi2008-09-10l0oRN.0096p44618r2019-04-18 00:00:00w2019-04-18yRP